Score 0/25 Timer 08:00
0 Plays Today
% Correct
Brave
92.9%
Tangled
91.4%
Bee Movie
90.2%
The Lego Batman Movie
89.3%
Chicken Little
88%
Bolt
87%
Pocahontas
86.1%
Zootopia
85%
Cloudy With a Chance of Meatballs
83.5%
Antz
82.1%
The Polar Express
82.1%
Space Jam
81.6%
The Good Dinosaur
76.9%
% Correct
Gnomeo and Juliet
76.5%
The Emperor's New Groove
76.1%
Jimmy Neutron: Boy Genius
75.8%
Spider-Man: Into the Spider-Verse
69.7%
The Croods
68.8%
Flushed Away
51.6%
Mr. Peabody and Sherman
50.7%
Treasure Planet
49.4%
Sinbad: Legend of the Seven Seas
37.1%
Missing Link
33.8%
Princess Mononoke
30.4%
Fantasia 2000
15.7%
Remove Ads.
Support Sporcle.
Get the best of Sporcle when you Go Orange. This ad-free experience offers more features, more stats, and more fun while also helping to support Sporcle. Thank you for becoming a member.

You're not logged in!

Compare scores with friends on all Sporcle quizzes.
OR
Log In

Show Comments

Extras

Top Quizzes Today


Score Distribution

Your Account Isn't Verified!

In order to create a playlist on Sporcle, you need to verify the email address you used during registration. Go to your Sporcle Settings to finish the process.

Report this User

Report this user for behavior that violates our Community Guidelines.

Details: